000 00563nam a22001937a 4500
005 20251108174940.0
008 250721s2009 xx 000 0 ara d
082 1 4 _a270.81/لنك
100 1 _aلنكولن، هنري
245 1 0 _aالمكان المقدس /
264 1 _aدمشق :
_bصفحات للدراسات،
_c2009.
300 _a208ص.
650 1 7 _aالمسيحية
650 1 7 _aأماكن العبادة
650 1 7 _aالقرن التاسع عشر
700 1 _aالواكد، محمد
_eمترجم
942 _2ddc
_cBK
999 _c122250
_d122250